000 00656nam a2200169 a 4500
001 000041366
005 20201002034827.0
008 131001s2002 sp 000 0 spa d
020 _a8400080327
040 _aDO-SdBNP
_bspa
_cBNPHU
245 1 0 _aEnvejecer en casa :
_bLa sastifacción residencial de los mayores en Madrid como indicador de su calidad de vida /
_cFermina Rojo Pérez...[et.al].
260 _aMadrid :
_bConsejo Superior de Investigaciones Científicas,
_c2002.
300 _a321 p. ;
_c22 cm.
490 1 _aMonografías
_v23
710 2 _aConsejo Superior de Investigaciones Científicas,(España)
_967570
830 0 _aMonografías
_v23
_915334
999 _c40856
_d40856